Derecho natural e historia en el pensamiento europeo contemporáneo

Saved in:
Bibliographic Details
Main Author: Rodríguez Molinero, Marcelino (Author)
Format: Book
Language:Spanish
Published: Madrid Revista de Derecho Privado 1973
Subjects:
Tags: Add Tag
No Tags, Be the first to tag this record!

MARC

LEADER 00000nam a2200000 a 4500
001 UCS9430
003 CL-VaPUC
008 971113e19730000SP |||||||||||||||||spa|d
082 0 4 |a 340.112  |b ROD  |2 21 
100 0 |a Rodríguez Molinero, Marcelino  |e author  |9 394377 
245 1 0 |a Derecho natural e historia en el pensamiento europeo contemporáneo 
300 |a 454 p 
942 |c BK 
945 |d 19971113 00:00:00  |a aolguin 
260 |a Madrid  |b Revista de Derecho Privado  |c 1973 
650 0 |a Derecho natural   |9 255041 
650 0 |a Historia  |9 255047 
650 0 |a Cristianismo  |9 257361 
650 0 |a Historicismo  |9 318908 
650 0 |a Filosofía de la historia  |9 265651 
650 0 |a Iusnaturalismo  |9 393557 
650 0 |a Protestantismo  |9 317293 
650 0 |a Ética  |9 255099 
650 0 |a Positivismo  |9 269460 
650 0 |a Fenomenología  |9 256519 
650 0 |a Valores  |9 309628 
651 0 |a Europa  |9 255156 
583 |a last modification  |c 19971113 00:00:00  |k Rodrigo Vera 
999 |c 263231  |d 263229 
952 |0 0  |1 0  |4 0  |6 340_112000000000000_ROD_1973  |7 0  |8 DER_TF  |9 292415  |a BIBDER  |b BIBDER  |d 2019-11-19  |i 1898086  |o 340.112 ROD 1973  |p 1898086  |r 2023-01-25  |w 2019-11-19  |x Ubicación 4to Piso  |y BK  |z Estos recursos deben solicitarse con anticipación  |k DER